000 01354nam a2200229Ia 4500
003 Ost
005 20260507075153.0
008 260507s9999||||xx |||||||||||||| ||und||
020 _a83652466539
040 _cfsecg
041 _aara
082 _a330
100 _aمولود، عبد الباسط كريم
_eمؤلف
245 0 _aتداول الاوراق المالية :
_bدراسة قانونية مقارنة /
_c عبد الباسط كريم مولود
260 _aبيروت:
_bمنشورات الحلبي الحقوقية,
_c2009
300 _a653 صفحة؛
_c24 سم
504 _aمراجع ص.613
520 _aمكان و محل تداول الاوراق المالية ، ماهية الوساطة في تداول الأوراق المالية ، حقوق و التزامات وسيط الاوراق المالية ، ماهية عمليات البورصة و قيد الأوراق المالية فيها ، أوامر البورصة ، الرقابة على عمليات التداول في البورصة ، تداول الأوراق المالية وفقا لنظام الايداع المركزي : جهات الايداع المركزي ، نشاطه و الآثار المترتبة عليه
653 _aالأسواق المالية- البورصات
653 _aالأوراق المالية
942 _cكتاب
999 _c43356
_d43356